Fútbol : de la base a la cúspide / Laureano Ruiz de la base a la cúspide / Laureano Ruiz
Descripción Física:
287 p. : il. ; 28 cm
Materias:
Futbol
MARC
| LEADER | 00000nam a2200000Ia 4500 | ||
|---|---|---|---|
| 001 | 7666 | ||
| 008 | 160829s1986 xx 000 0 cat d | ||
| 080 | |a P-1-6 | ||
| 100 | |a Ruiz, Laureano |9 25597 | ||
| 245 | |a Fútbol : |b de la base a la cúspide / Laureano Ruiz | ||
| 260 | |a Barcelona : |b Deporte y Cultura, |c 1986 | ||
| 300 | |a 287 p. : |b il. ; |c 28 cm | ||
| 590 | |a Edició patrocinada per la Diputació de Barcelona. | ||
| 650 | |a Futbol |9 25598 | ||
| 901 | |a Arxiu | ||
| 942 | |n 1 | ||
| 952 | |0 0 |1 0 |4 0 |6 P16 |7 1 |9 43695 |a Arxiu |b Arxiu |d 2016-12-01 |l 0 |o P-1-6 |p 7666 |r 2016-12-01 00:00:00 |w 2016-12-01 |y ARXIU | ||
| 999 | |c 46243 |d 46243 | ||